Textbook Of Fluid Mechanics (Record no. 129884)

MARC details
000 -LEADER
fixed length control field 00473nam a2200169Ia 4500
008 - FIXED-LENGTH DATA ELEMENTS--GENERAL INFORMATION
fixed length control field 230312s9999 xx 000 0 und d
041 ## - LANGUAGE CODE
Language code of text/sound track or separate title eng
082 ## - DEWEY DECIMAL CLASSIFICATION NUMBER
Classification number 620.106
Item number 620.106 RAJ
100 ## - MAIN ENTRY--PERSONAL NAME
Personal name Rajput R.K.
9 (RLIN) 137180
245 ## - TITLE STATEMENT
Title Textbook Of Fluid Mechanics
Remainder of title Fluid Mechanics & Hydraulic Machines Part I
260 ## - PUBLICATION, DISTRIBUTION, ETC. (IMPRINT)
Date of publication, distribution, etc. 2008
Name of publisher, distributor, etc. S. Chand & Company
300 ## - PHYSICAL DESCRIPTION
Extent 999
365 ## - TRADE PRICE
Currency code Rs.
Price amount 375.00
710 ## - ADDED ENTRY--CORPORATE NAME
Corporate name or jurisdiction name as entry element Rajput R.K.
9 (RLIN) 137181
906 ## - LOCAL DATA ELEMENT F, LDF (RLIN)
b 281.25

No items available.